000 01342nam0a22003011 4500
001 rc\4718393
005 20260407111400.0
021 _aRU
_bРг61-60428
021 _aRU
_bРг7938
035 _a(NLR Aleph) 008440213
090 _a9473210
_c9473210
100 _a20130416d1961 |||y0rusy50 ca
101 0 _arus
102 _aRU
105 _aa g |||||
200 1 _aОтраслевые нормативы времени на фотохимические работы в производстве радиоаппаратуры
_eСерийное и единичное производство
_e[Справочник
_fГос. ком. Совета Министров СССР по радиоэлектронике
210 _aМосква]
_cБ. и.
_d1961
215 _a104 с.
_cил.
_d21
300 _aВ предисл. авт. разработки: инж. К.Е. Николаев, В.Л. Рулла, Л.П. Казанова
702 1 _aРулла
_bВ.Л.
_4570
702 1 _aКазанова
_bЛ.П.
_4570
702 1 _aНиколаев
_bК.Е.
_gКонстантин Евгеньевич
_4570
710 0 1 _aСССР
_bКомитет по радиоэлектронике
_3RU\NLR\AUTH\889939147
_9373175
801 0 _aRU
_bNLR
_gpsbo
801 1 _aRU
_bELAR
_2rusmarc
852 _aNLR
_jПт 20.91/42
942 _cBOOK
980 _aNB